Detalles MARC
| 000 -LIDER |
| fixed length control field |
00795nam a2200289 c 4500 |
| 001 - NÚMERO DE CONTROL |
| Identificador de número de control |
616628 |
| 003 - IDENTIFICACDOR DE NÚMERO DE CONTROL |
| control field |
DO-SdBNP |
| 005 - DATE AND TIME OF LATEST TRANSACTION |
| control field |
20240715101621.0 |
| 007 - CAMPOS FIJOS DE DESCRIPCIÓN FÍSICA |
| fixed length control field |
616628 |
| 008 - ELEMENTOS DE LONGITUD FIJA |
| fixed length control field |
150302s1986 sp a | 000 1 spa |
| 017 ## - NÚMERO DE REGISTRO DE DERECHOS DE AUTOR |
| Copyright or legal deposit number |
|
| Assigning agency |
|
| 020 ## - ISBN |
| International Standard Book Number |
0828001634 |
| 035 ## - NÚMERO LOCAL |
| System control number |
|
| 040 ## - FUENTE DE CATALOGACIÓN |
| Agencia que crea de manera original el registro |
BPMSU |
| Idioma de catalogación |
spa |
| Agencia que realiza la transcripción |
BPMSU |
| Convenciones de la despripción |
|
| 080 ## - NÚMERO DE CLASIFICACIÓN DECIMAL UNIVERSAL |
| Universal Decimal Classification number |
|
| 082 #4 - NÚMERO DE CLASIFICACIÓN DECIMAL DE DEWEY |
| Classification number |
248.82 |
| Item number |
M462h 1986 |
| Edition number |
22 |
| 100 1# - ASIENTO PRINCIPAL -- NOMBRE PERSONAL |
| Nombre personal |
Maxwell, Arturo S. |
| Fechas asociadas con el nombre |
|
| Término de relación |
|
| 245 10 - MENCIÓN DE TITULO |
| Título |
Mis historias favoritas / |
| Mención de responsabilidad |
Arturo S. Maxwell |
| 260 ## - PUBLICACIÓN, DISTRIBUCIÓN, ETC. (PIE DE IMPRENTA) |
| Lugar de publicación, distribución, etc |
Bogotá : |
| Nombre del editor, distribuidor, etc. |
Asociación Publicadora Interamericana, |
| Fecha de publicación, distribución, etc |
1986. |
| 300 ## - DESCRIPCIÓN FÍSICA |
| Extensión |
190 p.: |
| Otros detalles físicos |
il. ; |
| Dimensiones |
25 cm |
| 336 ## - CONTENT TYPE |
| Content type term |
|
| -- |
|
| Source |
|
| 337 ## - MEDIA TYPE |
| Media type term |
|
| Source |
|
| 590 ## - NOTA LOCAL |
| Texto de la nota local |
Inventariado, 2024/VM |
| 650 #4 - ENCABEZAMIENTO DE MATERIA--TEMÁTICO |
| Término temático o nombre geográfico como elemento de entrada |
Literatura infantil |
| Subdivisión temática general |
Adventistas del Séptimo Día |
| 910 ## - VALIDACIÓN |
| Validación |
VMateo V. Control de calidad. BPMSU |
| 942 ## - ADDED ENTRY ELEMENTS (KOHA) |
| Source of classification or shelving scheme |
Dewey Decimal Classification |
| Koha item type |
Libros |